000 00501nam a22001577a 4500
005 20251108165253.0
008 250721s1999 xx 000 0 ara d
082 1 4 _a332.6/راو
100 1 _aالراوي، خالد وهيب
245 1 0 _aالإستثمار :
_bمفاهيم - تحليل - إستراتيجية /
264 1 _aعمان :
_bدار المسيرة للنشر والتوزيع،
_c1999.
300 _a395ص.
650 1 7 _aالإستثمارات
942 _2ddc
_cBK
999 _c23750
_d23750